00485nam a22001337a 4500008004100000040005500041080002000096100001300116245005200129260008600181300000900267490005900276650001600335230515b |||||||| |||| 00| 0 eng d aNational Science LibrarycNational Science Library a551.515(94)bL51 aSon, H J aEnvironment of severe local storms in Australia aAustralia: bCommonwealth Scientific and Industrial Research Organization, c1975 a27p. aDivision of atmospheric physics technical paper no. 25 aEnvironment